[Event "238th Championchallenge"]
[Site "playchess.com"]
[Date "2008.02.16"]
[Round "1.2"]
[White "Jagodzinski, Piotr"]
[Black "Szoen, Dariusz"]
[Result "1-0"]
[WhiteElo "2445"]
[BlackElo "2654"]
[PlyCount "87"]
[EventDate "2008.02.16"]
[EventType "k.o. (blitz)"]
[EventCountry "GER"]

1. e4 c5 2. Nf3 d6 3. c3 Nf6 4. Be2 g6 5. O-O Bg7 6. d3 O-O 7. a4 Nc6 8. Na3 a6
9. Bg5 Rb8 10. Nc2 h6 11. Bh4 g5 12. Bg3 Nh5 13. Ne3 Nxg3 14. hxg3 e6 15. Nd2
Kh8 16. f4 f5 17. Qe1 d5 18. e5 b5 19. axb5 axb5 20. Bf3 Bb7 21. Nb3 Qe7 22.
Qd2 Rfd8 23. d4 cxd4 24. cxd4 Rdc8 25. Nc5 Nxd4 26. b4 Rxc5 27. Qxd4 Rc7 28.
Ra7 Bc8 29. Rfa1 Rbb7 30. Ra8 Kh7 31. Kh2 gxf4 32. gxf4 Bd7 33. Kh3 Be8 34. g4
fxg4+ 35. Bxg4 Bg6 36. R1a6 Rc1 37. Bxe6 Rh1+ 38. Kg2 Qh4 39. Bg8+ Kh8 40. Bf7+
Bf8 41. e6+ Kh7 42. Bxg6+ Kxg6 43. e7+ Kh7 44. Qh8+ 1-0

[Event "238th Championchallenge"]
[Site "playchess.com"]
[Date "2008.02.16"]
[Round "1.2"]
[White "Adamek, Jiri"]
[Black "Podzielny, Karl Heinz"]
[Result "0-1"]
[WhiteElo "2410"]
[BlackElo "2550"]
[PlyCount "58"]
[EventDate "2008.02.16"]
[EventType "k.o. (blitz)"]
[EventCountry "GER"]

1. g3 g6 2. Bg2 Bg7 3. Nf3 d5 4. O-O c6 5. d4 Nf6 6. Bf4 O-O 7. Nbd2 a5 8. Re1
Bf5 9. Nh4 Bg4 10. h3 Be6 11. c3 a4 12. a3 Qb6 13. Qc1 Nbd7 14. e4 dxe4 15.
Nxe4 Nxe4 16. Bxe4 Bxh3 17. d5 Nc5 18. dxc6 Nxe4 19. Rxe4 Qxc6 20. Qe3 e6 21.
Kh2 Bg4 22. f3 Bf5 23. Nxf5 exf5 24. Re7 Bf6 25. Rc7 Qb5 26. Qf2 Rfe8 27. Be3
Rxe3 28. Qxe3 Qxb2+ 29. Kh3 Qxa1 0-1

[Event "238th Championchallenge"]
[Site "playchess.com"]
[Date "2008.02.16"]
[Round "1.2"]
[White "Orzech, Dominik"]
[Black "Feoktistov, Alexey A"]
[Result "1-0"]
[WhiteElo "2528"]
[BlackElo "2566"]
[PlyCount "27"]
[EventDate "2008.02.16"]
[EventType "k.o. (blitz)"]
[EventCountry "GER"]

1. d4 Nf6 2. Nf3 d5 3. c4 dxc4 4. e3 a6 5. Bxc4 b5 6. Bd3 Bb7 7. O-O e6 8. Qe2
c5 9. Rd1 Nc6 10. a4 c4 11. Bc2 Nb4 12. b3 Nxc2 13. Qxc2 Be4 14. Qe2 1-0

[Event "238th Championchallenge"]
[Site "playchess.com"]
[Date "2008.02.16"]
[Round "1.2"]
[White "Hosseinipour, Mehdi"]
[Black "Cao Sang"]
[Result "0-1"]
[WhiteElo "2352"]
[BlackElo "2500"]
[PlyCount "76"]
[EventDate "2008.02.16"]
[EventType "k.o. (blitz)"]
[EventCountry "GER"]

1. e4 c5 2. Nf3 Nc6 3. d4 cxd4 4. Nxd4 Nf6 5. Nc3 e5 6. Ndb5 d6 7. Bg5 a6 8.
Na3 b5 9. Nd5 Be7 10. Bxf6 Bxf6 11. c3 Bg5 12. Nc2 Rb8 13. a3 O-O 14. Bd3 Be6
15. Nce3 Ne7 16. O-O Bxd5 17. Nxd5 Nxd5 18. exd5 f5 19. Kh1 e4 20. Be2 Qf6 21.
f3 Qh6 22. fxe4 Bf4 23. h3 fxe4 24. Bg4 e3 25. Qf3 g6 26. Qe4 Be5 27. Rae1 Rf2
28. Rxf2 exf2 29. Rf1 Rf8 30. Qd3 Qf4 31. g3 Qxg3 32. Qxg3 Bxg3 33. Kg2 Bh4 34.
Rd1 h5 35. Be6+ Kg7 36. Bd7 Rf4 37. Be6 Re4 38. Kf1 Re1+ 0-1

[Event "238th Championchallenge"]
[Site "playchess.com"]
[Date "2008.02.16"]
[Round "1.3"]
[White "Livshits, Gaby"]
[Black "Livaja, B Mario"]
[Result "0-1"]
[WhiteElo "2635"]
[BlackElo "2453"]
[PlyCount "54"]
[EventDate "2008.02.16"]
[EventType "k.o. (blitz)"]
[EventCountry "GER"]

1. e4 c5 2. Nf3 e6 3. d3 a6 4. g3 b5 5. Bg2 Bb7 6. O-O d6 7. c3 Nd7 8. a4 Be7
9. Na3 Qb6 10. axb5 axb5 11. Qb3 Bc6 12. Be3 Ngf6 13. Nd2 O-O 14. d4 d5 15.
dxc5 Bxc5 16. exd5 Nxd5 17. Bxc5 Nxc5 18. Qc2 Nf6 19. Bxc6 Qxc6 20. Nb3 Nce4
21. Nd4 Qb7 22. Naxb5 Ng5 23. h4 Rxa1 24. Rxa1 Nh3+ 25. Kh2 Nxf2 26. Rf1 N6g4+
27. Kg1 Qh1# 0-1

[Event "238th Championchallenge"]
[Site "playchess.com"]
[Date "2008.02.16"]
[Round "1.3"]
[White "Podzielny, Karl Heinz"]
[Black "Adamek, Jiri"]
[Result "1-0"]
[WhiteElo "2500"]
[BlackElo "2405"]
[PlyCount "49"]
[EventDate "2008.02.16"]
[EventType "k.o. (blitz)"]
[EventCountry "GER"]

1. d4 Nf6 2. Nf3 d5 3. c4 c6 4. Nc3 e6 5. Bg5 Be7 6. e3 O-O 7. cxd5 exd5 8. Bd3
Re8 9. Qc2 Nbd7 10. h4 Nf8 11. O-O-O b5 12. Kb1 Bd7 13. Ne5 Rc8 14. f4 b4 15.
Na4 h6 16. Nc5 Bxc5 17. dxc5 Qe7 18. g4 Ne6 19. Bxf6 gxf6 20. Nxd7 Qxd7 21. g5
hxg5 22. hxg5 fxg5 23. Qh2 Kf8 24. f5 Nxc5 25. f6 1-0

[Event "238th Championchallenge"]
[Site "playchess.com"]
[Date "2008.02.16"]
[Round "1.3"]
[White "Milanovic, Slavisa"]
[Black "Nechaev, Andrei"]
[Result "1-0"]
[WhiteElo "2364"]
[BlackElo "2477"]
[PlyCount "85"]
[EventDate "2008.02.16"]
[EventType "k.o. (blitz)"]
[EventCountry "GER"]

1. c4 g6 2. d4 Bg7 3. e4 c5 4. d5 d6 5. Nf3 e6 6. h3 Nf6 7. Nc3 O-O 8. Bd3 exd5
9. cxd5 b5 10. Bxb5 Nxe4 11. Nxe4 Qa5+ 12. Nfd2 Qxb5 13. Nxd6 Qd7 14. N2c4 Na6
15. Nxc8 Raxc8 16. O-O Rfe8 17. Be3 Re4 18. Rc1 Nb4 19. Qf3 f5 20. a3 Nd3 21.
Rcd1 Rxc4 22. Rxd3 Bxb2 23. d6 Re4 24. Qd1 c4 25. Rd5 Rc6 26. Qc2 Bxa3 27. Rfd1
Bb4 28. Bxa7 Rxd6 29. Rxd6 Bxd6 30. Bc5 Qe6 31. Bxd6 Re1+ 32. Rxe1 Qxe1+ 33.
Kh2 Qe6 34. Bf4 Qd5 35. Qc3 Kf7 36. Qh8 h5 37. h4 Qc6 38. Qh7+ Ke8 39. Qc7 Qe4
40. f3 Qe2 41. Bd6 Qe1 42. Qc8+ Kf7 43. Qxc4+ 1-0

[Event "238th Championchallenge"]
[Site "playchess.com"]
[Date "2008.02.16"]
[Round "1.3"]
[White "Jegorovas, Aleksandras"]
[Black "Essing, Arnold"]
[Result "0-1"]
[WhiteElo "2300"]
[BlackElo "2261"]
[PlyCount "70"]
[EventDate "2008.02.16"]
[EventType "k.o. (blitz)"]
[EventCountry "GER"]

1. d4 d5 2. Nf3 e6 3. c4 Nf6 4. g3 dxc4 5. Bg2 Bd7 6. O-O Bc6 7. Ne5 Bxg2 8.
Kxg2 Nc6 9. Nxc6 Qd5+ 10. f3 Qxc6 11. Nc3 Be7 12. e4 Rd8 13. Be3 O-O 14. Qe2 b5
15. Rac1 a6 16. Rfd1 h6 17. g4 Bb4 18. h4 Bxc3 19. bxc3 Nd7 20. g5 h5 21. d5
exd5 22. Rxd5 Nb6 23. Rd4 Rxd4 24. Bxd4 Qe6 25. Qe3 Na4 26. Re1 Rd8 27. Re2 c5
28. Bxc5 Rd3 29. Qf2 Nxc3 30. Rd2 Nxe4 31. fxe4 Qh3+ 32. Kg1 Rg3+ 33. Qxg3
Qxg3+ 34. Rg2 Qe1+ 35. Kh2 Qxh4+ 0-1

[Event "238th Championchallenge"]
[Site "playchess.com"]
[Date "2008.02.16"]
[Round "1.3"]
[White "Szoen, Dariusz"]
[Black "Jagodzinski, Piotr"]
[Result "0-1"]
[WhiteElo "2448"]
[BlackElo "2471"]
[PlyCount "94"]
[EventDate "2008.02.16"]
[EventType "k.o. (blitz)"]
[EventCountry "GER"]

1. d4 Nf6 2. c4 c5 3. d5 b5 4. cxb5 a6 5. b6 d6 6. Nc3 Qxb6 7. e4 g6 8. Nf3 Bg7
9. Be2 O-O 10. O-O Bd7 11. a4 Bg4 12. a5 Qc7 13. Bf4 Nbd7 14. h3 Bxf3 15. Bxf3
Rfb8 16. Ra2 Ne8 17. Be2 Qb7 18. Bg5 Kf8 19. Qd2 Bd4 20. Kh1 Nef6 21. f4 Kg7
22. e5 Nxd5 23. Bf3 e6 24. Nxd5 exd5 25. exd6 f6 26. Bh4 Qc6 27. f5 Qxd6 28.
fxg6 hxg6 29. Bf2 Rb4 30. b3 Ne5 31. Bxd4 Rxd4 32. Qe2 Re8 33. Rc2 Nxf3 34.
Qxf3 Rde4 35. Qc3 c4 36. bxc4 Rxc4 37. Qd3 Rxc2 38. Qxc2 d4 39. Qd3 Re3 40. Qb1
d3 41. Qb7+ Re7 42. Qb6 Qxb6 43. axb6 d2 44. Kh2 Re1 45. b7 Rxf1 46. b8=Q d1=Q
47. Qc7+ Kh6 0-1

[Event "238th Championchallenge"]
[Site "playchess.com"]
[Date "2008.02.16"]
[Round "2.1"]
[White "Andreikin, Dmitry"]
[Black "Popov, Roman"]
[Result "1-0"]
[WhiteElo "2603"]
[BlackElo "2362"]
[PlyCount "95"]
[EventDate "2008.02.16"]
[EventType "k.o. (blitz)"]
[EventCountry "GER"]

1. d4 Nf6 2. c4 c5 3. d5 e5 4. Nc3 d6 5. e4 Be7 6. Bd3 a6 7. Nge2 Nh5 8. a3 Bg5
9. b4 Nd7 10. O-O Bxc1 11. Qxc1 O-O 12. Qe3 b6 13. Rfb1 Qf6 14. Na4 Nf4 15.
bxc5 bxc5 16. Nb6 Nxb6 17. Rxb6 Bg4 18. Rab1 Bxe2 19. Bxe2 Qg6 20. Bf1 f5 21.
exf5 Rxf5 22. Rb8+ Rxb8 23. Rxb8+ Rf8 24. Rxf8+ Kxf8 25. g3 Qg4 26. Qd2 Ng6 27.
Qa5 Qc8 28. Qb6 Ke7 29. Bd3 Nf8 30. Qb1 g6 31. Be2 Nd7 32. Bg4 Qb8 33. Qc2 Nf6
34. Be6 Qb6 35. Kg2 Qa5 36. Qb2 Qc7 37. f4 exf4 38. gxf4 a5 39. Kh3 h6 40. Qb1
Nh5 41. Kg4 Nf6+ 42. Kf3 g5 43. Qg6 Ne8 44. fxg5 hxg5 45. Qxg5+ Kf8 46. Qg8+
Ke7 47. h4 a4 48. h5 1-0

[Event "238th Championchallenge"]
[Site "playchess.com"]
[Date "2008.02.16"]
[Round "2.1"]
[White "Podzielny, Karl Heinz"]
[Black "Essing, Arnold"]
[Result "1-0"]
[WhiteElo "2500"]
[BlackElo "2261"]
[PlyCount "93"]
[EventDate "2008.02.16"]
[EventType "k.o. (blitz)"]
[EventCountry "GER"]

1. d4 d5 2. Nf3 e6 3. c4 Nf6 4. Nc3 Nbd7 5. Bg5 Bb4 6. e3 c5 7. cxd5 exd5 8.
Bd3 Qa5 9. O-O c4 10. Bf5 O-O 11. Qc2 Re8 12. Nd2 g6 13. Bh3 Bxc3 14. bxc3 Ne4
15. Nxe4 dxe4 16. Bh4 Nb6 17. Bxc8 Raxc8 18. f3 Nd5 19. Qf2 f5 20. Rac1 b5 21.
Bg5 Nxc3 22. Qd2 b4 23. a3 Qxa3 24. d5 Qa4 25. d6 Qd7 26. Bf4 Re6 27. Kh1 Rc6
28. fxe4 Nxe4 29. Qxb4 Nxd6 30. Rfd1 Qe7 31. Qb8+ Kg7 32. Rb1 c3 33. Rdc1 c2
34. Rb2 Ne4 35. Rbxc2 Rxc2 36. Rxc2 Qa3 37. h3 Re7 38. Qd8 Qb4 39. Rc8 Rb7 40.
Qh8+ Kf7 41. Qxh7+ Ke6 42. Qg8+ Kf6 43. Rf8+ Ke7 44. Qg7+ Ke6 45. Qxg6+ Ke7 46.
Rf7+ Ke8 47. Qg8+ 1-0

[Event "238th Championchallenge"]
[Site "playchess.com"]
[Date "2008.02.16"]
[Round "2.1"]
[White "Laxman, Rajaram"]
[Black "Feoktistov, Alexey A"]
[Result "1-0"]
[WhiteElo "2511"]
[BlackElo "2561"]
[PlyCount "125"]
[EventDate "2008.02.16"]
[EventType "k.o. (blitz)"]
[EventCountry "GER"]

1. Nf3 d5 2. d4 Nf6 3. c4 dxc4 4. e3 a6 5. Bxc4 b5 6. Bd3 Bb7 7. O-O e6 8. a4
b4 9. Nbd2 c5 10. a5 Be7 11. Nc4 Nbd7 12. Re1 O-O 13. e4 cxd4 14. e5 Nd5 15.
Qe2 Nc5 16. Nxd4 Nf4 17. Bxf4 Qxd4 18. Bxh7+ Kxh7 19. Be3 Qe4 20. f3 Qd3 21.
Nb6 Qxe2 22. Rxe2 Rad8 23. Rc1 Nd3 24. Rc7 Bxf3 25. gxf3 Bh4 26. Rc4 g5 27. Re4
Ne1 28. Rxh4+ gxh4 29. Rxe1 Rd3 30. Kf2 Rg8 31. Nc4 h3 32. Rg1 Rc8 33. Rg4 Rd5
34. Bg5 Rdc5 35. b3 Rg8 36. Rh4+ Kg7 37. Be7 Rd5 38. Bxb4 Rb8 39. Nb6 Rb5 40.
Rg4+ Kh7 41. Bd6 Rg8 42. b4 Rd8 43. Kg3 f6 44. f4 Kh6 45. Kxh3 fxe5 46. fxe5
Rh8 47. Bc5 Rd8 48. Bd6 Re8 49. Kg3 Kh7 50. Nd7 Rc8 51. Nf6+ Kh6 52. Bc5 Rb7
53. Rh4+ Kg5 54. Be3+ Kf5 55. Rh5+ Kg6 56. Bc5 Rd7 57. Nxd7 Kxh5 58. Kf4 Rg8
59. Nf6+ Kg6 60. Nxg8 Kf7 61. Nf6 Kg6 62. b5 Kf7 63. b6 1-0

[Event "238th Championchallenge"]
[Site "playchess.com"]
[Date "2008.02.16"]
[Round "2.1"]
[White "Cao Sang"]
[Black "Plaskett, Jim"]
[Result "0-1"]
[WhiteElo "2550"]
[BlackElo "2500"]
[PlyCount "92"]
[EventDate "2008.02.16"]
[EventType "k.o. (blitz)"]
[EventCountry "GER"]

1. e4 d6 2. d4 g6 3. Nc3 Bg7 4. Be3 a6 5. a4 Nd7 6. Qd2 b6 7. h4 h6 8. Nge2 Bb7
9. h5 g5 10. Ng3 e6 11. Bc4 Ngf6 12. Bb3 Qe7 13. O-O-O Ng4 14. f3 Nxe3 15. Qxe3
O-O 16. Kb1 Kh8 17. Nge2 c5 18. d5 Ne5 19. f4 gxf4 20. Nxf4 c4 21. Ba2 b5 22.
axb5 axb5 23. Nxb5 Ra5 24. Qb6 Rfa8 25. Nc3 Nd7 26. Qxb7 Bxc3 27. bxc3 Rxa2 28.
Kc1 e5 29. Nh3 R8a7 30. Qc8+ Kh7 31. Qxc4 Nc5 32. Qf1 Ra1+ 33. Kd2 Nxe4+ 34.
Ke3 Rxd1 35. Qxd1 Ng3 36. Re1 f5 37. Kf2 Qh4 38. Kg1 Rg7 39. Qf3 f4 40. Ra1 e4
41. Qf2 e3 42. Qf3 Qxh5 43. Qxh5 Nxh5 44. Re1 f3 45. Rxe3 Rxg2+ 46. Kf1 Ng3+
0-1

[Event "238th Championchallenge"]
[Site "playchess.com"]
[Date "2008.02.16"]
[Round "2.2"]
[White "Jagodzinski, Piotr"]
[Black "Amin, Bassem"]
[Result "1-0"]
[WhiteElo "2492"]
[BlackElo "2550"]
[PlyCount "167"]
[EventDate "2008.02.16"]
[EventType "k.o. (blitz)"]
[EventCountry "GER"]

1. e4 e5 2. Nf3 Nc6 3. Bb5 a6 4. Ba4 Nf6 5. O-O Nxe4 6. Re1 Nc5 7. Bxc6 dxc6 8.
Nxe5 Be6 9. d4 Nd7 10. Nd3 Bd6 11. Nf4 O-O 12. Nxe6 fxe6 13. g3 e5 14. Be3 exd4
15. Bxd4 c5 16. Bc3 Nf6 17. Nd2 Qd7 18. Nc4 Qh3 19. Nxd6 cxd6 20. Re7 Kh8 21.
Qxd6 Rad8 22. Qxc5 Rd5 23. Qe3 Rh5 24. Bxf6 gxf6 25. Rd1 Qxh2+ 26. Kf1 Qh3+ 27.
Ke2 Qg4+ 28. Qf3 Qc4+ 29. Ke1 Qb4+ 30. Kf1 Qxe7 31. Qxh5 Re8 32. Kg2 Qe4+ 33.
Qf3 Qxf3+ 34. Kxf3 Re7 35. c3 Kg7 36. Rd3 Kg6 37. Re3 Rc7 38. Ke2 Rc5 39. Re4
Rb5 40. b3 Ra5 41. a4 b5 42. axb5 Rxb5 43. b4 a5 44. bxa5 Rxa5 45. Rc4 Ra2+ 46.
Kf3 h5 47. Rc5 Rc2 48. Rc8 Kf5 49. c4 Rc3+ 50. Kg2 Kg4 51. c5 h4 52. Rg8+ Kf5
53. g4+ Kf4 54. Rc8 Kxg4 55. c6 h3+ 56. Kh2 Rf3 57. Rg8+ Kh4 58. Rh8+ Kg4 59.
Rg8+ Kh4 60. c7 Rxf2+ 61. Kg1 Rc2 62. c8=Q Rxc8 63. Rxc8 Kg3 64. Rc3+ Kg4 65.
Kh2 f5 66. Rxh3 f4 67. Rb3 f3 68. Kg1 Kf4 69. Rb7 Ke4 70. Re7+ Kf4 71. Kf2 Kg4
72. Rf7 Kg5 73. Rxf3 Kg6 74. Kg2 Kh6 75. Kg3 Kg6 76. Rf4 Kg7 77. Kg4 Kg6 78.
Rf5 Kh6 79. Rg5 Kh7 80. Kf5 Kh6 81. Kf6 Kh7 82. Rg2 Kh8 83. Kf7 Kh7 84. Rh2#
1-0

[Event "238th Championchallenge"]
[Site "playchess.com"]
[Date "2008.02.16"]
[Round "2.2"]
[White "Essing, Arnold"]
[Black "Podzielny, Karl Heinz"]
[Result "0-1"]
[WhiteElo "2261"]
[BlackElo "2550"]
[PlyCount "54"]
[EventDate "2008.02.16"]
[EventType "k.o. (blitz)"]
[EventCountry "GER"]

1. d4 Nf6 2. Nf3 g6 3. c4 Bg7 4. Nc3 d6 5. Bf4 O-O 6. h3 c5 7. d5 a6 8. a4 Re8
9. e3 e6 10. Be2 exd5 11. cxd5 Ne4 12. Nxe4 Rxe4 13. Qc2 Rb4 14. Ra2 Bf5 15.
Qc1 Qe7 16. O-O Nd7 17. Nd2 Rxf4 18. exf4 Qxe2 19. Nc4 Bd3 20. Ne3 Nf6 21. Re1
Qh5 22. Kh2 Re8 23. g4 Qh4 24. b3 Bh6 25. Ng2 Nxg4+ 26. Kg1 Rxe1+ 27. Qxe1 Qxh3
0-1

[Event "238th Championchallenge"]
[Site "playchess.com"]
[Date "2008.02.16"]
[Round "2.2"]
[White "Feoktistov, Alexey A"]
[Black "Laxman, Rajaram"]
[Result "1-0"]
[WhiteElo "2556"]
[BlackElo "2511"]
[PlyCount "58"]
[EventDate "2008.02.16"]
[EventType "k.o. (blitz)"]
[EventCountry "GER"]

1. e4 c5 2. c3 Nf6 3. e5 Nd5 4. Bc4 Nb6 5. Bb3 Nc6 6. Nf3 c4 7. Bc2 Qc7 8. Qe2
g5 9. h3 Bg7 10. O-O h6 11. Re1 d6 12. exd6 Qxd6 13. Na3 Be6 14. b3 Na5 15. Nb5
Qd7 16. Nbd4 Bd5 17. Ne5 Qc7 18. Ba3 Bxe5 19. Qxe5 Qxe5 20. Rxe5 e6 21. Rae1
Kd7 22. Bc5 Nc6 23. Nxc6 Kxc6 24. Bd4 f6 25. Rxe6+ Bxe6 26. Rxe6+ Kd7 27. Bf5
Kd8 28. Bxf6+ Kc7 29. Be5+ Kd7 1-0

[Event "238th Championchallenge"]
[Site "playchess.com"]
[Date "2008.02.16"]
[Round "2.2"]
[White "Plaskett, Jim"]
[Black "Cao Sang"]
[Result "1-0"]
[WhiteElo "2500"]
[BlackElo "2500"]
[PlyCount "139"]
[EventDate "2008.02.16"]
[EventType "k.o. (blitz)"]
[EventCountry "GER"]

1. d4 e6 2. c4 Nf6 3. Nf3 b6 4. a3 Ba6 5. e3 Be7 6. Nc3 O-O 7. e4 d6 8. Bd3 c5
9. d5 e5 10. O-O Bc8 11. b4 g6 12. Rb1 Nh5 13. Bh6 Ng7 14. Qd2 Bg4 15. Ng5 f6
16. Bxg7 Kxg7 17. Be2 Bc8 18. Ne6+ Bxe6 19. dxe6 Nc6 20. f4 exf4 21. Rxf4 Nd4
22. Nd5 Nxe6 23. Rf2 Nd4 24. Bg4 f5 25. exf5 gxf5 26. Bh3 Bg5 27. Qd3 f4 28.
Re1 Rb8 29. b5 Rb7 30. Bg4 Re8 31. Ref1 Rf8 32. Kh1 Rbf7 33. Bh5 Rf5 34. Bg4
Re5 35. g3 f3 36. Bxf3 Ref5 37. Kg2 Qe8 38. Be4 Rxf2+ 39. Rxf2 Rxf2+ 40. Kxf2
Qh5 41. h4 Bc1 42. a4 h6 43. Kg2 Qe5 44. Bf3 Qe1 45. Qe4 Qxe4 46. Bxe4 Ne2 47.
Kf3 Nd4+ 48. Kf2 Bb2 49. Ne7 Kf6 50. Nc8 Ke5 51. Bd3 d5 52. Nxa7 dxc4 53. Bxc4
Nc2 54. Nc6+ Kd6 55. Bd3 Na3 56. Ke2 c4 57. Be4 c3 58. Nb4 Kc5 59. Nc2 Nc4 60.
g4 Nd6 61. Kd3 Nf7 62. Bf5 Ne5+ 63. Ke4 Nf7 64. Be6 Nd6+ 65. Ke5 Bc1 66. Bb3
Nc4+ 67. Bxc4 Kxc4 68. Ke4 Kb3 69. Kd3 Bf4 70. Nd4+ 1-0

[Event "238th Championchallenge"]
[Site "playchess.com"]
[Date "2008.02.16"]
[Round "2.2"]
[White "Popov, Roman"]
[Black "Andreikin, Dmitry"]
[Result "0-1"]
[WhiteElo "2362"]
[BlackElo "2603"]
[PlyCount "98"]
[EventDate "2008.02.16"]
[EventType "k.o. (blitz)"]
[EventCountry "GER"]

1. e4 c6 2. Nf3 d5 3. Nc3 Bg4 4. Be2 e6 5. h3 Bxf3 6. Bxf3 Nd7 7. O-O Ne5 8.
Be2 d4 9. Nb1 d3 10. cxd3 Bc5 11. d4 Bxd4 12. d3 Qb6 13. Nc3 Nf6 14. Kh1 Bxf2
15. Na4 Qd4 16. Bd2 Bg3 17. Bc3 Qe3 18. d4 Nxe4 19. dxe5 Rd8 20. Qc2 O-O 21.
Bf3 Nf2+ 22. Rxf2 Bxf2 23. Rf1 Bg3 24. b3 Qd3 25. Qxd3 Rxd3 26. Bb4 Rb8 27. Bd6
Rxd6 28. exd6 Bxd6 29. Rd1 Be7 30. Rd7 Kf8 31. Nc3 Ke8 32. Rd3 g6 33. Kg1 f5
34. g4 Rd8 35. Rxd8+ Kxd8 36. Kf1 Bd6 37. Ke2 Ke7 38. a4 e5 39. Kd3 Kf6 40.
gxf5 gxf5 41. Bg2 Kg5 42. a5 a6 43. Na4 Kf4 44. Nb6 Kg3 45. Nc4 Bc7 46. Bf1 Kf2
47. Be2 e4+ 48. Kd2 f4 49. Kd1 f3 0-1

[Event "238th Championchallenge"]
[Site "playchess.com"]
[Date "2008.02.16"]
[Round "2.2"]
[White "Milanovic, Slavisa"]
[Black "Popovic, Dusan"]
[Result "1-0"]
[WhiteElo "2364"]
[BlackElo "2564"]
[PlyCount "59"]
[EventDate "2008.02.16"]
[EventType "k.o. (blitz)"]
[EventCountry "GER"]

1. c4 Nf6 2. Nc3 g6 3. g3 Bg7 4. Bg2 O-O 5. Nf3 d6 6. O-O Nc6 7. d3 e5 8. Rb1
a5 9. a3 h6 10. b4 axb4 11. axb4 Be6 12. b5 Ne7 13. Re1 Qd7 14. Bb2 Bh3 15. Bh1
Ng4 16. Qb3 Kh8 17. Nd5 Nxd5 18. cxd5 f5 19. b6 cxb6 20. Qxb6 Ra6 21. Qb3 f4
22. Bc3 Rf7 23. Ra1 Qc8 24. Rxa6 bxa6 25. Qa3 g5 26. Rc1 Qb7 27. Qxd6 Qa7 28.
Be1 Rd7 29. Rc8+ Kh7 30. Nxg5+ 1-0

[Event "238th Championchallenge"]
[Site "playchess.com"]
[Date "2008.02.16"]
[Round "2.3"]
[White "Laxman, Rajaram"]
[Black "Feoktistov, Alexey A"]
[Result "1/2-1/2"]
[WhiteElo "2511"]
[BlackElo "2586"]
[PlyCount "148"]
[EventDate "2008.02.16"]
[EventType "k.o. (blitz)"]
[EventCountry "GER"]

1. Nf3 d5 2. d4 Nf6 3. c4 e6 4. Nc3 c6 5. e3 Nbd7 6. Qc2 Bd6 7. Bd3 dxc4 8.
Bxc4 b5 9. Be2 a6 10. O-O c5 11. Ne4 Nxe4 12. Qxe4 Rb8 13. Qg4 O-O 14. e4 cxd4
15. Bh6 Qf6 16. Bg5 Ne5 17. Bxf6 Nxg4 18. Bxd4 e5 19. Bc3 b4 20. Bd2 Bb7 21.
Nh4 Nf6 22. f3 Bc5+ 23. Kh1 h6 24. Nf5 Rfd8 25. Rfd1 a5 26. Rac1 Rbc8 27. b3
Bf8 28. Bc4 Rd7 29. Be3 Rxd1+ 30. Rxd1 a4 31. Kg1 axb3 32. axb3 Ra8 33. Rd2 Bc6
34. Nd6 Be8 35. Nxe8 Rxe8 36. Kf2 Ra8 37. Ke2 g6 38. Bb6 Kg7 39. Bf2 Be7 40. h4
Kf8 41. g4 g5 42. Bg3 Ra5 43. hxg5 hxg5 44. Kd3 Nd7 45. Ke2 Nf6 46. Rc2 Nd7 47.
Bd5 Rc5 48. Rxc5 Bxc5 49. Kd3 f6 50. Kc4 Bd6 51. Be1 Ke7 52. Kb5 Nf8 53. Bxb4
Bxb4 54. Kxb4 Kd6 55. Ka5 Ng6 56. b4 Nh4 57. b5 Kc7 58. b6+ Kb8 59. Kb5 Nxf3
60. Kc6 Nh2 61. Be6 Nf3 62. Kd6 Kb7 63. Ke7 Kxb6 64. Kxf6 Kc5 65. Bc8 Kd4 66.
Bb7 Ke3 67. Kf5 Kd4 68. Ba6 Ke3 69. Bb5 Nd4+ 70. Kxe5 Nxb5 71. Kf5 Nd6+ 72.
Kxg5 Nxe4+ 73. Kf5 Kf3 74. g5 Nxg5 1/2-1/2

[Event "238th Championchallenge"]
[Site "playchess.com"]
[Date "2008.02.16"]
[Round "3.1"]
[White "Milanovic, Slavisa"]
[Black "Jagodzinski, Piotr"]
[Result "1-0"]
[WhiteElo "2364"]
[BlackElo "2551"]
[PlyCount "147"]
[EventDate "2008.02.16"]
[EventType "k.o. (blitz)"]
[EventCountry "GER"]

1. c4 c6 2. Nf3 d5 3. g3 Nf6 4. Bg2 g6 5. O-O Bg7 6. d3 O-O 7. Qc2 Nbd7 8. b3
a5 9. Bb2 a4 10. b4 dxc4 11. dxc4 c5 12. a3 cxb4 13. axb4 Nb6 14. c5 Bf5 15.
Qc1 Nbd5 16. Rd1 Qc8 17. b5 Nc7 18. Na3 Be4 19. Qc4 Bd5 20. Qb4 Bb3 21. Rdc1
Nfd5 22. Qd2 Bxb2 23. Qxb2 Rd8 24. Nd2 Qg4 25. Nxb3 Qb4 26. b6 Na6 27. c6 bxc6
28. b7 Qxb7 29. e4 Nf6 30. Rab1 axb3 31. Qxb3 Qxb3 32. Rxb3 Nc7 33. Rxc6 Ne6
34. Nc2 Ra2 35. h3 Rd1+ 36. Kh2 Kg7 37. e5 Nh5 38. Rbc3 Rd2 39. Be4 Rxf2+ 40.
Kg1 Rd2 41. Ne3 Ra1+ 42. Rc1 Rxc1+ 43. Rxc1 Nxg3 44. Nf1 Nxe4 45. Re1 Rd4 46.
Ne3 N4c5 47. Ng4 Re4 48. Rxe4 Nxe4 49. Kg2 N4c5 50. Kf3 Nc7 51. Ke3 e6 52. Kd4
Nd7 53. h4 Nd5 54. Nf2 h5 55. Ne4 f6 56. exf6+ N7xf6 57. Ng5 Ne7 58. Ke5 Nf5
59. Nf3 Kh6 60. Kxe6 Nxh4 61. Nxh4 g5 62. Ng2 Ng4 63. Kf5 h4 64. Kxg4 Kg6 65.
Ne3 Kh7 66. Nf5 Kg6 67. Ne7+ Kf7 68. Nd5 Ke6 69. Ne3 Kd7 70. Nf1 Kc6 71. Nh2
Kb7 72. Nf3 Ka8 73. Kf5 h3 74. Nh2 1-0

[Event "238th Championchallenge"]
[Site "playchess.com"]
[Date "2008.02.16"]
[Round "3.1"]
[White "Galkin, Alexander"]
[Black "Plaskett, Jim"]
[Result "0-1"]
[WhiteElo "2583"]
[BlackElo "2500"]
[PlyCount "118"]
[EventDate "2008.02.16"]
[EventType "k.o. (blitz)"]
[EventCountry "GER"]

1. c4 b6 2. Nf3 Bb7 3. Nc3 Nf6 4. e3 e6 5. b3 d5 6. Bb2 Nbd7 7. d4 a6 8. Bd3
Bd6 9. O-O Ne4 10. Rc1 O-O 11. Qc2 f5 12. Ne2 Qe7 13. Ne5 Bxe5 14. dxe5 Ndc5
15. Bxe4 dxe4 16. Ba3 Rad8 17. Rcd1 a5 18. Rxd8 Rxd8 19. Rd1 Rxd1+ 20. Qxd1 Qd7
21. Qxd7 Nxd7 22. Nd4 Nxe5 23. Nxe6 c5 24. Bb2 Nd3 25. Bc3 Nc1 26. Be5 Nxa2 27.
Bc7 Nc1 28. Bxb6 Nxb3 29. Nxc5 Nxc5 30. Bxc5 Ba6 31. Bb6 a4 32. c5 Bb5 33. f3
exf3 34. gxf3 Kf7 35. Kf2 Ke6 36. e4 fxe4 37. fxe4 a3 38. Ba5 g5 39. Ke3 a2 40.
Bc3 h5 41. Bb2 Bc6 42. Ba1 h4 43. Kf3 Kf7 44. h3 Bd7 45. Kg2 Bc6 46. Kf3 Kg6
47. Bb2 Kh5 48. Ba1 Bb7 49. Bb2 Bc6 50. Ba1 Bd7 51. Kg2 g4 52. hxg4+ Kxg4 53.
e5 Kf4 54. Kh2 Ke4 55. c6 Be6 56. c7 Kd3 57. Kg2 Kc2 58. Kf3 h3 59. Kg3 Kb1 0-1

[Event "238th Championchallenge"]
[Site "playchess.com"]
[Date "2008.02.16"]
[Round "3.2"]
[White "Plaskett, Jim"]
[Black "Galkin, Alexander"]
[Result "0-1"]
[WhiteElo "2500"]
[BlackElo "2583"]
[PlyCount "100"]
[EventDate "2008.02.16"]
[EventType "k.o. (blitz)"]
[EventCountry "GER"]

1. d4 d5 2. Nf3 e6 3. c4 c6 4. Nbd2 f5 5. g3 Nf6 6. b3 Bd6 7. Bb2 O-O 8. Bg2 b6
9. O-O Bb7 10. Ne5 Qe7 11. Rc1 a5 12. Qc2 Na6 13. Rfd1 Rac8 14. Qb1 Rfd8 15.
cxd5 cxd5 16. Rxc8 Rxc8 17. Rc1 Rc7 18. e3 Nb4 19. Bf1 Rxc1 20. Bxc1 Qc7 21.
Bb2 Bxe5 22. dxe5 Ng4 23. Nf3 Ba6 24. h3 Nh6 25. Bxa6 Nxa6 26. Bd4 Nf7 27. a3
h6 28. b4 axb4 29. axb4 b5 30. g4 fxg4 31. hxg4 Qc4 32. Qg6 Qc6 33. Qb1 Qc7 34.
Kg2 Qe7 35. Bc3 Nb8 36. Qd3 Qb7 37. Qg6 Qc6 38. Bd4 Nd7 39. g5 Nf8 40. Qh5 g6
41. Qg4 h5 42. Qf4 Nd7 43. Kg3 Qc4 44. Kg2 Qxb4 45. Qg3 Qb1 46. Nh4 b4 47. Qh3
Nf8 48. Bc5 Qe4+ 49. f3 Qc2+ 50. Kg3 Qxc5 0-1